000 00580nam a2200217Ia 4500
005 20250508165420.0
008 008 250505s9999 xx 000 0 eng d
020 _a0-521-35837-X
037 _aTextBook
040 _aFEDL
_beng
_cFEDL
041 _aeng
_2eng
084 _a302.201, GRI/R
_qFEDL
100 _aGriffin E M
_9780788
245 0 _aFirst look at communication theory
250 _a5
260 _aNew York, USA
_bMcGraw Hill
_c2003
300 _axxii, 518p.
365 _aUSD
_b59
942 _cTB
_h302.201, GRI/R
999 _c1394990
_d1394990